000 00931nam a2200289Ia 4500
003 OSt
005 20221007125722.0
006 a|||||r|||| 00| 0
007 ta
008 221006b |||||||| |||| 00| 0 eng d
020 _a0716770415 (hbd)
_cRs.3678.74
024 _a76573
037 _b299, 28/02/2007, Ashutosh Technical Books
_cTextual
040 _aCDL
_cCDL
_beng
041 _2eng
_aeng
082 _aE:34, P7 Carc
100 _aHarris Daniel C
245 0 _aQuantitative chemical analysis
250 _a7
260 _aNew
_bYork W H Freeman and company
_c2007
300 _axvii,663p+v.p
_ccm.
500 _aBibliographical references NR1-NR19p; Glossary GL1-GL21p; Appendix A-K AP1-AP33p
650 _a Chemical analysis
_9712706
650 _aChemistry
942 _hE:34, P7 Carc
_cTEXL
_2CC
999 _c1215758
_d1215758